Investigación sobre conocimiento especializado del profesor de matemáticas (MTSK) 10 años de camino
שמור ב:
| מחברים אחרים: | , , |
|---|---|
| פורמט: | לא ידוע |
| יצא לאור: |
Madrid, España:
Dykinson, S.L.,
2022.
|
| נושאים: | |
| תגים: |
הוספת תג
אין תגיות, היה/י הראשונ/ה לתייג את הרשומה!
|
MARC
| LEADER | 00000 a2200000 4500 | ||
|---|---|---|---|
| 003 | CL-VaPUC | ||
| 005 | 20221028123227.0 | ||
| 008 | 221003t2022 ||||| |||| 00| 0 eng d | ||
| 999 | |c 438772 |d 438770 | ||
| 020 | |a 9788411223539 | ||
| 040 | |c Pontificia Universidad Católica de Valparaíso | ||
| 082 | 7 | |a 372.7 CAR 2022 |2 22 | |
| 100 | |a Carrillo Yáñez, José |9 876737 |e editor | ||
| 245 | |a Investigación sobre conocimiento especializado del profesor de matemáticas (MTSK) 10 años de camino | ||
| 260 | |a Madrid, España: |b Dykinson, S.L., |c 2022. | ||
| 300 | |a 347 páginas. | ||
| 583 | |k GC |c 20221003 | ||
| 650 | |a Mathematics Teacher’s Specialised Knowledge (MTSK) |x Conocimiento Especializado del Profesor de Matemáticas |9 877326 | ||
| 650 | |a Enseñanza de las matemáticas |x Análisis docente |x Modelo MSTK |9 877327 | ||
| 650 | 0 | |a Didáctica de la matemática |9 862757 | |
| 700 | |a Montes Navarro, Miguel Angel |e editor |9 877328 | ||
| 700 | |a Climent Rodríguez, Nuria |e editora |9 877329 | ||
| 942 | |2 ddc |c BK | ||
| 952 | |0 0 |1 0 |2 ddc |4 0 |6 372_700000000000000_CAR_2022 |7 0 |8 A |9 587042 |a BIBMAT |b BIBMAT |c E_DIDACT |d 2022-10-03 |e 2 |g 45051.00 |i 5654961 |l 5 |m 3 |o 372.7 CAR 2022 |p 5654961 |r 2025-01-07 |s 2024-10-11 |t 1 |v 45051.00 |w 2022-10-03 |y BK |k MAT | ||
| 952 | |0 0 |1 0 |2 ddc |4 0 |6 372_700000000000000_CAR_2022 |7 0 |8 A |9 587486 |a BIBMAT |b BIBMAT |c E_DIDACT |d 2022-10-28 |e 74 |g 32604.00 |i 5655361 |l 2 |m 4 |o 372.7 CAR 2022 |p 5655361 |r 2025-01-07 |s 2023-04-27 |t 2 |v 32604.00 |w 2022-10-28 |y BK |k MAT | ||